Využitie Malmquistovho indexu a obalovej analýzy dát pri hodnotení vývoja technickej efektívnosti podnikov verejnej dopravy
Možnosť praktického použitia obalovej analýzy dát (data envelopment analysis - DEA) pri hodnotení zmien v technickej efektívnosti podnikov.
Gespeichert in:
| 1. Verfasser: | |
|---|---|
| Weitere Verfasser: | |
| Format: | Buchkapitel |
| Sprache: | Slowakisch |
| Schlagworte: | |
| Tags: |
Keine Tags, Fügen Sie das erste Tag hinzu!
|
MARC
| LEADER | 00000naa a2200000 4500 | ||
|---|---|---|---|
| 001 | 0161486 | ||
| 005 | 20231211131313.8 | ||
| 041 | 0 | |a slo | |
| 044 | |a SK | ||
| 245 | 1 | 0 | |a Využitie Malmquistovho indexu a obalovej analýzy dát pri hodnotení vývoja technickej efektívnosti podnikov verejnej dopravy |c Viera Roháčová, Martin Boďa |
| 520 | |a Možnosť praktického použitia obalovej analýzy dát (data envelopment analysis - DEA) pri hodnotení zmien v technickej efektívnosti podnikov. | ||
| 610 | 2 | 0 | |a efektívnosť techniky |
| 610 | 2 | 0 | |a podnik dopravný |
| 610 | 2 | 0 | |a doprava verejná |
| 610 | 2 | 0 | |a systémy informačné |
| 610 | 2 | 0 | |a produktivita |
| 610 | 2 | 0 | |a riadenie podnikové |
| 610 | 2 | 0 | |a metódy kvantitatívne |
| 100 | 1 | |a Roháčová, Viera | |
| 700 | 1 | |a Boďa, Martin | |